Catálogo universitario de carreras regionales

Uloženo v:
Podrobná bibliografie
Korporativní autor: CSUCA
Médium: Text
Vydáno: San José: CSUCA
Tagy: Přidat tag
Žádné tagy, Buďte první, kdo vytvoří štítek k tomuto záznamu!

MARC

LEADER 00000 a a2200000 04500
001 20866
003
040
090 |a 089300  
110 |a CSUCA  
245 |a Catálogo universitario de carreras regionales  
260 |a San José:   |b CSUCA  
300 |a 95 p.  
999 |c 8999  |d 8999